| 000 | 01232nam a2200217Ia 4500 | ||
|---|---|---|---|
| 999 |
_c39629 _d39629 |
||
| 001 | 6229 | ||
| 003 | GE_BSU | ||
| 005 | 20190621150941.0 | ||
| 008 | 181216s1980|||| |||||||||||||| ||geo|| | ||
| 041 | _ageo | ||
| 080 | _a621.314.2 ვ-28 | ||
| 100 |
_aვეზირიშვილი, ო. _92511 |
||
| 245 |
_aლაბორატორიული პრაქტიკუმი სითბოს სატრანსფორმაციო და მაცივარი დანადგარების კურსში / _cო. ვეზირიშვილი ; მ. სარიშვილი. |
||
| 264 |
_aთბილისი : _bსპი, _c1980. |
||
| 300 |
_a138 გვ .: _bცხრ ; _c19 სმ. |
||
| 653 | _aლაბორატორიული პრაქტიკუმი სითბოს სატრანსფორმაციო და მაცივარი დანადგარების კურსში | ||
| 653 | _aსითბოს სატრანსფორმაცია და მაცივარი დანადგარები | ||
| 653 | _aტექნიკა | ||
| 700 |
_aსარიშვილი, მ _92729 |
||
| 942 |
_cBK _2udc |
||